| 000 | 00597nam a2200205Ia 4500 | ||
|---|---|---|---|
| 003 | GCL | ||
| 005 | 20240530095624.0 | ||
| 008 | 140319s9999 xx 000 0 ara d | ||
| 040 |
_aGCL / _cGCL |
||
| 082 | 0 | 4 |
_a813 _bط/د ق |
| 100 | 1 | _aبستالوزى | |
| 245 | 1 | 0 |
_aالقطط العشرة / _cبستالوزى |
| 260 |
_aالمانيا : _bبستالوزى ، _c1984 |
||
| 300 |
_a: _bايض ؛ _c20 سم |
||
| 490 |
_aمجموعة الاصدقاء العشرة _v0 |
||
| 650 | 0 | 4 | _aالاطفال |
| 650 | 0 | 4 | _aقصص الاطفال |
| 650 | 0 | 4 | _aادب الاطفال |
| 942 |
_2ddc _cBK |
||
| 999 |
_c8927 _d8927 |
||